<?xml version="1.0" encoding="UTF-8"?>
<record
    xmlns:xsi="http://www.w3.org/2001/XMLSchema-instance"
    xsi:schemaLocation="http://www.loc.gov/MARC21/slim http://www.loc.gov/standards/marcxml/schema/MARC21slim.xsd"
    xmlns="http://www.loc.gov/MARC21/slim">

  <leader>01225nac a22002291u 4500</leader>
  <controlfield tag="008">110116t        xxu||||| |||| 00| 0 eng d</controlfield>
  <datafield tag="082" ind1=" " ind2=" ">
    <subfield code="a">621.803</subfield>
    <subfield code="b">&#x627; &#x644; &#x627;</subfield>
  </datafield>
  <datafield tag="100" ind1=" " ind2=" ">
    <subfield code="a">20080729                     </subfield>
    <subfield code="9">21981</subfield>
  </datafield>
  <datafield tag="245" ind1=" " ind2=" ">
    <subfield code="a">&#x622;&#x644;&#x627;&#x62A; &#x627;&#x644;&#x648;&#x631;&#x634;</subfield>
    <subfield code="c">&#x623;&#x634;&#x631;&#x641; &#x639;&#x644;&#x649; &#x627;&#x644;&#x62A;&#x62D;&#x631;&#x64A;&#x631; &#x623;&#x646;&#x648;&#x631; &#x645;&#x62D;&#x645;&#x648;&#x62F; &#x639;&#x628;&#x62F; &#x627;&#x644;&#x648;&#x627;&#x62D;&#x62F;&#x61B; &#x62A;&#x635;&#x646;&#x64A;&#x641; &#x645;&#x62D;&#x645;&#x62F; &#x639;&#x628;&#x62F; &#x627;&#x644;&#x646;&#x635;&#x64A;&#x631;&#x627;&#x644;&#x642;&#x62F;&#x64A;&#x645;</subfield>
  </datafield>
  <datafield tag="246" ind1=" " ind2=" ">
    <subfield code="a">Technical dictionary:</subfield>
    <subfield code="b">Machine Tools</subfield>
  </datafield>
  <datafield tag="246" ind1=" " ind2=" ">
    <subfield code="a">Dictionnaire Technique:</subfield>
    <subfield code="b">Machine-Outils</subfield>
  </datafield>
  <datafield tag="246" ind1=" " ind2=" ">
    <subfield code="a">Technisches Worterbuch :</subfield>
    <subfield code="b">Werkzeugmaschinen</subfield>
  </datafield>
  <datafield tag="260" ind1=" " ind2=" ">
    <subfield code="a">&#x627;&#x644;&#x642;&#x627;&#x647;&#x631;&#x629; :</subfield>
    <subfield code="b">&#x627;&#x644;&#x623;&#x647;&#x631;&#x627;&#x645; &#x60C;1977.</subfield>
    <subfield code="c">1977.</subfield>
  </datafield>
  <datafield tag="300" ind1=" " ind2=" ">
    <subfield code="a">1  :&#x645;&#x62C; (&#x62A;&#x631;&#x642;&#x64A;&#x645; &#x645;&#x62A;&#x639;&#x62F;&#x62F;</subfield>
    <subfield code="c">20 &#x633;&#x645;</subfield>
    <subfield code="b">&#x627;&#x64A;&#x636; &#x61B;</subfield>
  </datafield>
  <datafield tag="490" ind1=" " ind2=" ">
    <subfield code="9">21987</subfield>
    <subfield code="a">&#x627;&#x644;&#x645;&#x639;&#x627;&#x62C;&#x645; &#x627;&#x644;&#x62A;&#x643;&#x646;&#x648;&#x644;&#x648;&#x62C;&#x64A;&#x629; &#x627;&#x644;&#x62A;&#x62E;&#x635;&#x635;&#x64A;&#x629;</subfield>
  </datafield>
  <datafield tag="500" ind1=" " ind2=" ">
    <subfield code="a">&#x639;&#x631;&#x628;&#x64A; &#x645;&#x639; &#x627;&#x644;&#x62A;&#x639;&#x627;&#x631;&#x64A;&#x641; &#x625;&#x646;&#x62C;&#x644;&#x64A;&#x632;&#x64A;&#x60C; &#x641;&#x631;&#x646;&#x633;&#x64A; &#x60C; &#x623;&#x644;&#x645;&#x627;&#x646;&#x64A;</subfield>
  </datafield>
  <datafield tag="650" ind1=" " ind2=" ">
    <subfield code="a">&#x627;&#x644;&#x622;&#x644;&#x627;&#x62A;</subfield>
    <subfield code="9">21988</subfield>
    <subfield code="v">&#x645;&#x639;&#x627;&#x62C;&#x645;</subfield>
  </datafield>
  <datafield tag="700" ind1=" " ind2=" ">
    <subfield code="a">&#x627;&#x644;&#x642;&#x62F;&#x64A;&#x645; &#x60C; &#x645;&#x62D;&#x645;&#x62F; &#x639;&#x628;&#x62F; &#x627;&#x644;&#x646;&#x635;&#x64A;&#x631;</subfield>
    <subfield code="9">21991</subfield>
  </datafield>
  <datafield tag="700" ind1=" " ind2=" ">
    <subfield code="a">&#x639;&#x628;&#x62F; &#x627;&#x644;&#x648;&#x627;&#x62D;&#x62F; &#x60C; &#x623;&#x646;&#x648;&#x631; &#x645;&#x62D;&#x645;&#x648;&#x62F;</subfield>
    <subfield code="9">21593</subfield>
  </datafield>
  <datafield tag="942" ind1=" " ind2=" ">
    <subfield code="c">BB</subfield>
    <subfield code="k">621.803 &#x627;&#x644; &#x627;</subfield>
    <subfield code="2">ddc</subfield>
  </datafield>
  <datafield tag="999" ind1=" " ind2=" ">
    <subfield code="c">6449</subfield>
    <subfield code="d">6449</subfield>
  </datafield>
  <datafield tag="952" ind1=" " ind2=" ">
    <subfield code="0">0</subfield>
    <subfield code="1">0</subfield>
    <subfield code="2">ddc</subfield>
    <subfield code="4">0</subfield>
    <subfield code="7">0</subfield>
    <subfield code="8"> </subfield>
    <subfield code="a">MAIN</subfield>
    <subfield code="b">MAIN</subfield>
    <subfield code="c">1ST</subfield>
    <subfield code="d">2011-01-16</subfield>
    <subfield code="e">purchase</subfield>
    <subfield code="l">0</subfield>
    <subfield code="o">621.803 &#x627; &#x644; &#x627;</subfield>
    <subfield code="p">000007936</subfield>
    <subfield code="r">2025-07-15 00:00:00</subfield>
    <subfield code="y">BB</subfield>
  </datafield>
</record>
